LEADER 01234nam--2200397---450- 001 990003606910203316 005 20111227095203.0 010 $a978-0-470-54064-0 035 $a000360691 035 $aUSA01000360691 035 $a(ALEPH)000360691USA01 035 $a000360691 100 $a20111227d2011----km-y0itay50------ba 101 $aeng 102 $aUS 105 $a||||||||001yy 200 1 $aTime series analysis and forecasting by example$fSøren Bisgaard$gMurat Kulahci 210 $aHoboken(New Jersey)$cWiley$dc2011 215 $axiii, 366 p. : ill.$d25 cm 225 2 $aWiley series in pobability and statistics 410 0$12001$aWiley series in pobability and statistics 454 1$12001 461 1$1001-------$12001 606 0 $aAnalisi delle serie temporali$xImpiego di esempi 676 $a519.55 700 1$aBisgaard,$bSøren$0611244 701 1$aKulahci,$bMurat$0513038 801 0$aIT$bsalbc$gISBD 912 $a990003606910203316 951 $a208$bDISES 959 $aBK 969 $aDISES 979 $aMORRIELLO$b00$c20111227$lUSA01$h0927 979 $aMORRIELLO$b00$c20111227$lUSA01$h0952 996 $aTime series analysis and forecasting by example$91137106 997 $aUNISA